|
|
|
|
| LEADER |
00000cam a2200000 i 4500 |
| 001 |
1/3484 |
| 008 |
000521s1997 gre d |
| 020 |
|
|
|a 960-352-468-9
|
| 035 |
|
|
|l 10060813
|
| 040 |
|
|
|a GR-MY-UA
|b gre
|e aacr
|
| 041 |
0 |
|
|a gre
|
| 082 |
0 |
|
|a 938.1
|
| 100 |
1 |
|
|a Lefkowitz, Mary R.,
|d 1935-
|
| 245 |
1 |
2 |
|a Η μαύρη Αθηνά :
|b μύθοι και πραγματικότητα ή οι παραποιήσεις του "αφροκεντρισμού" /
|c Μαίρης Λέφκοβιτς ; μετάφραση Νάσου Κυριαζόπουλου
|
| 260 |
|
|
|a Αθήνα :
|b Κάκτος,
|c c1997.
|
| 300 |
|
|
|a 251 σ. ;
|c 24 εκ.
|
| 504 |
|
|
|a Βιβλιογραφία : σ. 218-237. Ευρετήριο.
|
| 651 |
|
0 |
|a Greece
|x Civilization
|x Egyptian influences.
|
| 651 |
|
0 |
|a Greece
|x Civilization
|x Phoenician influences.
|
| 651 |
|
0 |
|a Greece
|x Civilization
|y To 146 B.C.
|
| 700 |
1 |
|
|a Κυριαζόπουλος, Νάσος.
|4 trl
|
| 852 |
|
|
|a INST
|b LESVOS
|e 20000521
|h 938.1 LEF
|p 005100024014
|q 005100024014
|t BK
|y 0
|
| 901 |
|
|
|a BIBL1-2000-2
|
| 970 |
|
|
|z 2000/05/ΜΙΧΑΗΛΙΔΟΥ ΑΝΝΑ
|